Egy szellemiség utóélete
Elmentve itt :
| Szerző: | |
|---|---|
| Adatforrás: | Meister |
| Forrásdokumentuma: | Helikon. - 12 sz., 1997, 1; 4-5 p. |
| Nyelv: | magyar |
| Kulcsszavak: | művelődéstörténet Mészkő BALÁZS Ferenc LÁSZLÓ Dezső Erdélyi Fiatalok Aranyosszéki Vidékfejlesztő Szövetkezet Népfőiskolai Társaság |
| LEADER | 00548nab a2200193 i 4500 | ||
|---|---|---|---|
| 001 | bibPRO00008484 | ||
| 008 | 060524s1997 xx hun | ||
| 040 | |a Sz1 | ||
| 041 | |a hun | ||
| 100 | 1 | |a CSEKE Péter | |
| 245 | 1 | 4 | |a Egy szellemiség utóélete |c CSEKE Péter |
| 695 | |a művelődéstörténet | ||
| 695 | |a Mészkő | ||
| 695 | |a BALÁZS Ferenc | ||
| 695 | |a LÁSZLÓ Dezső | ||
| 695 | |a Erdélyi Fiatalok | ||
| 695 | |a Aranyosszéki Vidékfejlesztő Szövetkezet | ||
| 695 | |a Népfőiskolai Társaság | ||
| 773 | 0 | |t Helikon. - |g 12 sz., 1997, 1; 4-5 p. | |